After Number - Statistics

General Stats
  • This quiz has been taken 17 times
  • The average score is 14 of 15
Answer Stats
Hint Answer % Correct
999 1000
100%
1982 1983
100%
363 364
100%
777 778
100%
109 110
93%
1778 1779
93%
182 183
93%
192 193
93%
198 199
93%
287 288
93%
728 729
93%
738 739
93%
1092 1093
87%
263 264
87%
283 284
87%
No matching quizzes found
Score Distribution
Percent of People with Each Score
Percentile by Number Answered
Your Score History
You have not taken this quiz